Contemporary classical : the architecture of Andrew Skurman /

"Architect Andrew Skurman is an unabashed classicist. His award-winning San Francisco-based firm, Andrew Skurman Architects, specializes in designing superbly crafted custom residences inspired by the building traditions of French châteaux, Mediterranean villas, and Georgian country houses. Sku...

Full description

Bibliographic Details
Main Author: Skurman, Andrew, 1953-
Format: Book
Language:English
Published: New York, New York : Princeton Architectural Press, [2012]
Edition:First edition.
Subjects:

MARC

Tag First Indicator Second Indicator Subfields
LEADER 00000cam a2200000 i 4500
001 in00002782769
005 20240905123933.0
008 111222s2012 nyua b 000 0deng
010 |a  2011052897 
015 |a GBB277962  |2 bnb 
016 7 |a 016143471  |2 Uk 
019 |a 769818987  |a 785071826  |a 806200666  |a 812249058  |a 813003287  |a 815611661  |a 820555253  |a 1008448279 
020 |a 9781616890889  |q (alk. paper) 
020 |a 1616890886  |q (alk. paper) 
024 8 |a 99950267386 
029 1 |a AU@  |b 000048373645 
029 1 |a AU@  |b 000050124681 
029 1 |a DEBBG  |b BV040391498 
029 1 |a NZ1  |b 14719174 
029 1 |a AU@  |b 000076430603 
035 |a (OCoLC)ocn869062732 
035 |a (OCoLC)869062732  |z (OCoLC)769818987  |z (OCoLC)785071826  |z (OCoLC)806200666  |z (OCoLC)812249058  |z (OCoLC)813003287  |z (OCoLC)815611661  |z (OCoLC)820555253  |z (OCoLC)1008448279 
040 |a DLC  |b eng  |e rda  |c DLC  |d YDX  |d BDX  |d BTCTA  |d YDXCP  |d OCLCO  |d BWX  |d CDX  |d UKMGB  |d COO  |d UPM  |d OCLCQ  |d I8M  |d NZAUC  |d OCLCF  |d NJK  |d SFR  |d OCLCQ  |d AU@  |d NYWWB  |d OCLCQ  |d OCLCO  |d OCLCQ  |d TFW  |d DHT  |d OCLCO  |d OCLCQ  |d OCLCL 
042 |a pcc 
043 |a n-us--- 
050 0 0 |a NA737.S533  |b A35 2012 
055 4 |a NA737.S533  |b A4 2012 
082 0 0 |a 728.092  |2 23 
100 1 |a Skurman, Andrew,  |d 1953- 
245 1 0 |a Contemporary classical :  |b the architecture of Andrew Skurman /  |c Andrew Skurman. 
246 3 0 |a Architecture of Andrew Skurman 
250 |a First edition. 
264 1 |a New York, New York :  |b Princeton Architectural Press,  |c [2012] 
300 |a 255 pages :  |b some color illustrations ;  |c 31 cm 
336 |a text  |b txt  |2 rdacontent 
336 |a still image  |b sti  |2 rdacontent 
337 |a unmediated  |b n  |2 rdamedia 
338 |a volume  |b nc  |2 rdacarrier 
504 |a Includes bibliographical references (page 251). 
505 0 |a Mediterranean architecture -- French architecture -- Georgian architecture. 
520 |a "Architect Andrew Skurman is an unabashed classicist. His award-winning San Francisco-based firm, Andrew Skurman Architects, specializes in designing superbly crafted custom residences inspired by the building traditions of French châteaux, Mediterranean villas, and Georgian country houses. Skurman draws on an extensive architectural library of European and American design with the precision of an eminent art historian, skillfully adapting timeless design elements to suit today's lifestyles. Collaborating with well-respected contractors, interior and landscape designers, lighting and audiovisual experts, and other consultants, Skurman blends modern comfort and conveniences into traditional settings. Featuring gorgeous photography and exquisite watercolor studies, Contemporary Classical showcases an exceptional range of residential work, including the new Pelican Hill Resort on the Newport Coast of California."--Publisher description. 
600 1 0 |a Skurman, Andrew,  |d 1953-  |x Themes, motives. 
650 0 |a Architecture, Domestic  |z United States. 
650 0 |a Classicism in architecture  |z United States. 
650 6 |a Architecture domestique  |z États-Unis. 
650 6 |a Classicisme en architecture  |z États-Unis. 
600 1 7 |a Skurman, Andrew,  |d 1953-  |2 fast  |0 (OCoLC)fst01946463 
650 7 |a Architecture, Domestic.  |2 fast  |0 (OCoLC)fst00813666 
650 7 |a Classicism in architecture.  |2 fast  |0 (OCoLC)fst00863561 
650 7 |a Themes, motives.  |2 fast  |0 (OCoLC)fst01355139 
651 7 |a United States.  |2 fast  |0 (OCoLC)fst01204155 
758 |i has work:  |a Contemporary classical (Text)  |1 https://id.oclc.org/worldcat/entity/E39PCGkfmbXHFygwxRbKwV6xjC  |4 https://id.oclc.org/worldcat/ontology/hasWork 
938 |a Brodart  |b BROD  |n 102717648  |c $60.00 
938 |a Baker and Taylor  |b BTCP  |n BK0011051801 
938 |a Coutts Information Services  |b COUT  |n 20470754 
938 |a Worldwide Books  |b WWBK  |n 150414 
938 |a YBP Library Services  |b YANK  |n 7589693 
938 |a Blackwell Book Service  |b BBUS  |n 7589693 
948 |h HELD BY TXA - 113 OTHER HOLDINGS 
994 |a Z0  |b TXA 
999 f f |s a8f92b76-d687-33ec-b709-dfef5a6b6fb6  |i 05ae31a0-922d-3e97-9ee5-7ab6533e831c  |t 0 
952 f f |p ric  |a Texas A&M University  |b Rellis Campus  |c Joint Library Facility  |d Remote Storage  |t 0  |e NA737.S533 A35 2012  |h Library of Congress classification  |i unmediated -- volume  |m A14836007443 
998 f f |a NA737.S533 A35 2012  |t 0  |l Remote Storage